| 000 | 00587cam a22001932 4500 | ||
|---|---|---|---|
| 001 | 0000025178 | ||
| 005 | 20151217145953.0 | ||
| 008 | 150213s xx 000 0 eng d | ||
| 020 | _a9966901191 : | ||
| 040 |
_aKABU _cKABU |
||
| 100 | 1 |
_aGordon, Ian. _@0000158795 |
|
| 245 | 1 | 0 |
_aLooking for a rain god and other stories from Africa / _ca study guide. |
| 260 |
_aNairobi : _bLectern publications Ltd, _c1998. |
||
| 300 | _a99 p. | ||
| 650 | 0 |
_aShort stories, Africa (English) _@0000152246 |
|
| 908 | _a150213 | ||
| 950 | _@1 | ||
| 999 |
_c4632 _d4632 |
||